Datum a čas kvízu

40.5 Celkem bodů Celkový počet nahraných bodů na tomto kvízu bez doplňovacích otázek.
4. Pořadí na kvízu Konečné umístění týmu na tomto kvízu.

Zaznamenané odpovědi

# Otázka Odpověď Body Výsledky
1. „Pro ___. Ne pro ___." Doplňte... vás; politiky 0.5
2. Americký ministr zdravotnictví... D 1
3. Ve čtvrtek vyšel trailer na no... bude černobílá 1
4. Kterou americkou komunikační p... WhatsApp 1
5. 41letý americký basketbalista... LeBron James 1
6. Hned v úvodu bod rozdělíme: za... Ulánbátar; Altaj 1
7. Mongolština může být zapisován... cyrilice (azbuka) 1
8. Jak se jmenuje hudební skupina... The Hu 1
9. Které náboženství je v Mongols... buddhismus (lamaismus) 1
10. Jak se jmenuje česká spisovate... Petra Hůlová 1